[Event "PRO League Stage"]
[Site "Chess.com INT"]
[Date "2018.01.25"]
[Round "2"]
[White "Margvelashvili, Giorgi"]
[Black "Paikidze, Nazi"]
[Result "1-0"]
[WhiteElo "2530"]
[BlackElo "2352"]
[PlyCount "99"]
[EventDate "2018.01.18"]
[EventType "team-swiss (rapid)"]
[EventRounds "9"]
[EventCountry "USA"]
[SourceTitle "CBM 182 Extra"]
[Source "ChessBase"]
[SourceDate "2018.02.23"]
[SourceVersion "1"]
[SourceVersionDate "2018.02.23"]
[SourceQuality "1"]
[WhiteTeam "Seattle Sluggers"]
[BlackTeam "Las Vegas Desert Rats"]
[WhiteTeamCountry "USA"]
[BlackTeamCountry "USA"]

1. Nf3 d5 2. d4 Nf6 3. c4 c6 4. Qb3 dxc4 5. Qxc4 Bf5 6. g3 Nbd7 7. Bg2 e6 8. Nc3 Be7 9. Qb3 Qb6 10. Nd2 0-0 11. Nc4 Qa6 12. e4 Bg6 13. Bg5 h6 14. Bh4 Rfe8 15. 0-0 b5 16. Ne5 Nxe5 17. dxe5 Ng4 18. Bxe7 Rxe7 19. a4 Nxe5 20. axb5 Qb7 21. Ra5 c5 22. h3 c4 23. Qc2 Rd7 24. Rfa1 Qb6 25. Ra6 Qd4 26. b6 Nd3 27. Qd2 Qc5 28. Qe3 Qxe3 29. fxe3 Nb4 30. Rxa7 Rdxa7 31. bxa7 e5 32. Nb5 Nc6 33. Ra6 Nxa7 34. Rxa7 Rb8 35. Ra5 f6 36. Bf1 Bf7 37. Nd6 Rxb2 38. Nxf7 Kxf7 39. Bxc4+ Kg6 40. Ra2 Rb4 41. Bd5 Kg5 42. Rf2 g6 43. Kg2 f5 44. h4+ Kf6 45. exf5 gxf5 46. e4 f4 47. gxf4 exf4 48. Rxf4+ Ke5 49. Rf5+ Kd6 50. Kg3 1-0

[Event "PRO League Stage"]
[Site "Chess.com INT"]
[Date "2018.01.18"]
[Round "1"]
[White "Ni, Hua"]
[Black "Paikidze, Nazi"]
[Result "1-0"]
[WhiteElo "2670"]
[BlackElo "2352"]
[PlyCount "95"]
[EventDate "2018.01.18"]
[EventType "team-swiss (rapid)"]
[EventRounds "9"]
[EventCountry "USA"]
[SourceTitle "CBM 182 Extra"]
[Source "ChessBase"]
[SourceDate "2018.02.23"]
[SourceVersion "1"]
[SourceVersionDate "2018.02.23"]
[SourceQuality "1"]
[WhiteTeam "Chengdu Pandas"]
[BlackTeam "Las Vegas Desert Rats"]
[WhiteTeamCountry "CHN"]
[BlackTeamCountry "USA"]

1. d4 Nf6 2. Bf4 d6 3. Nd2 g6 4. Ngf3 Bg7 5. e3 0-0 6. h3 c5 7. Be2 Nc6 8. c3 b6 9. 0-0 Bb7 10. Bh2 Re8 11. a4 e5 12. dxe5 dxe5 13. Nc4 Ne4 14. Qc2 f5 15. a5 b5 16. Qb3 bxc4 17. Qxb7 Qc8 18. Bxc4+ Kh8 19. Qxc8 Raxc8 20. Rfd1 Rcd8 21. Bd5 Rd6 22. Bxe4 Rxd1+ 23. Rxd1 fxe4 24. Ng5 Nxa5 25. Nxe4 Nc4 26. b3 Na5 27. Nxc5 e4 28. c4 Rc8 29. Bc7 Nc6 30. Rd7 Ne5 31. Rxg7 Kxg7 32. Bxe5+ Kf7 33. Nxe4 Ke6 34. Bd4 a5 35. Bb6 Ra8 36. Kf1 Ke5 37. Nc3 Ra6 38. c5 Ke6 39. Ke2 Ra8 40. c6 Kd6 41. c7 Kc6 42. Na4 Kb7 43. Kd3 Kc6 44. Kc4 Rf8 45. Bxa5 Kb7 46. Nc5+ Kc8 47. Ne4 Rf5 48. Nd6+ 1-0